Quizzes
Events
Quiz Creation
Community
Videos
Private Events
Remove Ads
Sign In
Join for FREE
Feedback
Dark Mode
Quiz Categories
Sports
Geography
Music
Movies
Television
Just For Fun
Miscellaneous
History
Literature
Language
Science
Gaming
Entertainment
Religion
Holiday
For Kids
Quiz Lab
Recent
Popular Today
Quiz Kudos Today
Editor Picks
Curator Picks
Quizzes by...
Day
Popularity
Type
Ratings
Length
Year
Community
Subscriptions
Recent Discussions
Orange Saloon
Badges
Playlists
Quests
Create
Leaderboards
Showdown
Live 5
Trivia Bingo
Activity
Puzzle Library
Sporcle Events
Private Events
Virtual Trivia
Globe League
Become a Host
Pub Owners
SporcleCon
Opinionation
Our Games
Videos
Blog
Mobile Apps
Partnerships
Remove Ads and Go Orange
Feedback
Literature
Harry Potter
A Song of Ice and Fire
The Hunger Games
Literary Character
Shakespeare
Book
Author
Novel
Poem
Young Adult
Children's Books
Play
Lord of the Rings
Literature
Harry Potter
A Song of Ice and Fire
The Hunger Games
Literary Character
Shakespeare
Book
Author
Novel
Poem
Young Adult
Children's Books
Play
Lord of the Rings
Random Quiz
Search Sporcle
×
Quiz Lab
Quiz Lab
Literature
Book
Type in answers that appear in a list
Type in answers that appear in a list
Classic
Best Score? Go Orange.
Magic Tree House Guest Stars Stats
Can you name the Magic Tree House books from their 'guest stars'?
By
sotipop902
6m
28 Questions
67 Plays
67 Plays
67 Plays
Comments
Comments
Give Quiz Kudos
Give Quiz Kudos
-
- Ratings
hide this ad
More Info
Replay
Link that replays current quiz
Next Quiz
Link to next quiz in quiz playlist
You Got
0%
They Got
Avg Score
60%
Avg Friend Score
Upgrade to see
Score Distribution
Jump to the score distribution portion of the page
Score
0/28
Timer
06:00
0
Plays Today
Guest Star
Book
% Correct
King Arthur and the Knights of the Round Table
Christmas in Camelot
83.6%
Clara Barton and John
Civil War on Sunday
76.1%
William Shakespeare
Stage Fright on a Summer Night
71.6%
Ninja master and Samurai warrior
Night of the Ninjas
71.6%
William and Lucy O'Malley
Tonight on the Titanic
70.1%
The monkey
Afternoon on the Amazon
70.1%
Cowboy Slim
Ghost Town at Sundown
68.7%
Pteranodon
Dinosaurs before Dark
67.2%
George Washington
Revolutionary War on Wednesday
65.7%
Plato
Hour of the Olympics
64.2%
Cap'n Bones
Pirates past Noon
64.2%
Black Hawk
Buffalo before Breakfast
61.2%
Queen Hutepi
Mummies in the Morning
61.2%
Squanto
Thanksgiving on Thursday
61.2%
Guest Star
Book
% Correct
Miss Neely
Twister on Tuesday
61.2%
Big guy, Bu-
bu, and Ho-
ho
Good Morning Gorillas
59.7%
*Qin Shi Huang
Day of the Dragon King
58.2%
Ghost boy, girl, and dog
Haunted Castle on Hallows Eve
56.7%
Kah and Ko
Tigers at Twilight
55.2%
Hercules
Vacation under the Volcano
55.2%
Sukie
Dolphins at Daybreak
55.2%
Joey
Dingos at Dinnertime
53.7%
The seal hunter
Polar Bears past Bedtime
53.7%
Betty, Fred, Peter, Andrew, and Aunt Mary
Earthquake in the Early Morning
52.2%
Brother Patrick and Brother Michael
Viking Ships at Sunrise
52.2%
Masai warrior
Lions at Lunchtime
46.3%
The sorcerer
Sunset of the Sabertooth
43.3%
Nancy Tyler
Eve of the Emperor Penguin
31.3%
Quiz Playlist
Details
Report
Send in Message
Add To Playlist
More Info:
*It does not say it directly, but from the description you can tell it is him
Classic:
Type in answers that appear in a list
Last Updated: Feb 16, 2017
Quiz Scoreboard
CHALLENGE
Sign Up to Join the Scoreboard
Show All
Scores
Hide
Comments
May contain spoilers
Recently Published
Decade Duel: World Leaders
by jenniferyan
History
4m
Alphabetical 'K' Countries by Flag Minefield
by ylime102
Geography
3m
Pick 6: Fruits
by JohnFran
Miscellaneous
15s
More to Explore
Quiz From the Vault
Featured Blog Post
15 Basketball Trivia Facts You Can Be March Mad About
hide this ad
You Might Also Like...
Tags
Book Quiz
guest
house
magic
Magic Tree
star
tree
Today's Top Quizzes in Literature
Browse Literature
hide this ad
Today's Top Quizzes in Book
Browse Book
Top Contributed Quizzes in Literature
1
Season Plays
2
Pick 3: Harry Potter Hogwarts Quidditch Players
3
Harry Potter Characters: Logic Puzzle
4
Word Ladder: King's 'The Stand'
5
Spring Reading List
6
4-to-1 Blitz: Harry Potter
7
Harry Potter Logic Quiz New
8
Literature Acrostic Puzzle
9
A Court of Thorns and Roses (ACoTaR) Criteria Quiz
10
Keeper of the Lost Cities Logic Puzzle
Explore More
Trending Topics
Anime
Disney
NBA
Harry Potter
Kpop
Crossword
Marvel
NFL
WWE
Song
Pokémon
Country
Puzzle
The Office
Soccer
hide this ad
More By:
sotipop902
Quiz
Plays
Rating
Category
Featured
Created
Top 10 Controversial Music Videos
183
3.00
Music
Nov 4, 2011
Harrius Potter
159
3.33
Language
Aug 24, 2011
The TIME 100 - 2011
154
3.67
Miscellaneous
Apr 25, 2011
Hello Kitty Paradise Theme Song
120
Music
Apr 22, 2011
Hello Kitty's Rainbow Adventure Song
80
Music
Apr 22, 2011
Go to Creator's Profile
Score Distribution
Quiz Creator Spotlight
sotipop902
Follow
Send a Message
Quizzes Created
-
Created Quiz Play Count
-
More By This Creator
Popular Quizzes Today
1
Countries of Asia Without Outlines Minefield
2
Find the US States - No Outlines Minefield
3
Pick 6: Fruits
4
Alphabetical 'K' Countries by Flag Minefield
5
The Countries of the World
6
Find the Countries of Europe - No Outlines Minefield
7
Find the US States
8
US States
More Literature Quizzes
Which Harry Potter Character Am I Thinking Of?
Curator's Pick
Trending Quizzes
Pick 6: Mountains
Pick 6: Harry Potter
Pick 6: Flags
Pick 6: NFL Teams
Pick 6: Movie Franchises
Recently Updated
NWSL Teams
pecheneg
Women's Final Four Teams by Year
bhenderson79
Presidents Quartet II
eogle
Anything But Clue(do)
eogle
Anything But Oceanian Capitals
eogle
Anything But 7
eogle
Anything But Thing
eogle
Word Ladder: February 29
pecheneg
Song Title Questions
pecheneg
Women's NCAA Tournament #1 Seeds
pecheneg
Trending Topics
NBA
Disney
Kpop
Crossword
Harry Potter
Marvel
Anime
Puzzle
NFL
Soccer
Song
Pokémon
The Office
Country
WWE
Your Account Isn't Verified!
In order to create a playlist on Sporcle, you need to verify the email address you used during registration. Go to your
Sporcle Settings
to finish the process.
Report this User
Report this user for behavior that violates our
Community Guidelines
.
Details:
Send Report
Go to the Sporcle.com Mobile Site →
Comments